000 00619nam a2200241Ia 4500
003 OSt
005 20220912151615.0
006 a|||||r|||| 00| 0
007 ta
008 220909b |||||||| |||| 00| 0 eng d
024 _a59868
037 _cTextual
040 _aCSL
_beng
_cCSL
041 _aeng
082 _aA, A CS
100 _aGarbedian Gordon H
245 0 _aMajor mysteries of science
260 _aNew York
_b Garden City
_c1933
300 _a306p.
_ccm.
650 _aScience
942 _hA, A CS
_cTEXL
_2CC
999 _c72386
_d72386